000 00490nam a2200181Ia 4500
005 20250609162249.0
008 008 250505s9999 xx 000 0 eng d
020 _a9789350355527
040 _beng
_cILCL
041 _aeng
_2eng
084 _aZ24 Q7
100 _aSingh, S.P
245 0 _aLaw of Tort - Including Compensation under the Consumer Protection
250 _a7
260 _aHaryana
_bLexis Nexis
_c2017
300 _aliii,398p.
942 _cTB
_2Colon Classification
999 _c1311950
_d1311950